| Tag |
First Indicator |
Second Indicator |
Subfields |
| LEADER |
00000cam a2200000Ia 4500 |
| 001 |
in00001761820 |
| 005 |
20151025051820.0 |
| 008 |
010502s2001 enkab b 000 0 eng d |
| 020 |
|
|
|a 1899085475
|
| 035 |
|
|
|a (OCoLC)ocm49720785
|
| 040 |
|
|
|a EQO
|c EQO
|d CUY
|d TXA
|d UtOrBLW
|
| 043 |
|
|
|a e-ie---
|
| 049 |
|
|
|a TXAM
|
| 090 |
|
|
|a GB436.I73
|b S55 2001
|
| 100 |
1 |
|
|a Smith, Bernard.
|
| 245 |
1 |
0 |
|a Classic landforms of the Antrim Coast /
|c Bernard Smith and Patricia Warke.
|
| 264 |
|
1 |
|a Sheffield :
|b Geographical Association in conjunction with the British Geomorpological Research Group,
|c 2001.
|
| 300 |
|
|
|a 52 pages :
|b color illustrations, maps ;
|c 23 cm.
|
| 336 |
|
|
|a text
|b txt
|2 rdacontent
|
| 337 |
|
|
|a unmediated
|b n
|2 rdamedia
|
| 338 |
|
|
|a volume
|b nc
|2 rdacarrier
|
| 490 |
1 |
|
|a Classic landform guides
|
| 504 |
|
|
|a Includes bibliographical references (page 52).
|
| 650 |
|
0 |
|a Landforms
|z Ireland
|z Antrim Coast.
|
| 700 |
1 |
|
|a Warke, Patricia A.
|
| 710 |
2 |
|
|a Geographical Association.
|
| 710 |
2 |
|
|a British Geomorphological Research Group.
|
| 830 |
|
0 |
|a Classic landform guides.
|
| 948 |
|
|
|a cataloged
|b h
|c 2003/11/7
|d c
|e jgreene
|f 12:52:39 pm
|
| 994 |
|
|
|a E0
|b TXA
|
| 999 |
|
|
|a MARS
|
| 999 |
f |
f |
|s 7c28f753-58f8-3475-a936-a18497a3a105
|i d03a1e59-f279-32f2-8842-141260001f6d
|t 0
|
| 952 |
f |
f |
|p ric
|a Texas A&M University
|b Rellis Campus
|c Joint Library Facility
|d Remote Storage
|t 0
|e GB436.I73 S55 2001
|h Library of Congress classification
|i unmediated -- volume
|m A14830765302
|
| 998 |
f |
f |
|a GB436.I73 S55 2001
|t 0
|l Remote Storage
|